Significance of non-staining white zones in starch gel electrophoresis (Record no. 68683)

MARC details
000 -LEADER
fixed length control field 00398nam a2200133Ia 4500
100 ## - MAIN ENTRY--AUTHOR NAME
Personal name Tata S J
245 #0 - TITLE STATEMENT
Title Significance of non-staining white zones in starch gel electrophoresis
260 ## - PUBLICATION, DISTRIBUTION, ETC. (IMPRINT)
Name of publisher Journal of the Rubber Research Institute of Malaya
Year of publication 1969
300 ## - PHYSICAL DESCRIPTION
Number of Pages 471-483
650 ## - SUBJECT ADDED ENTRY--TOPICAL TERM
Topical Term Gel electrophoresis
700 ## - ADDED ENTRY--PERSONAL NAME
Personal name Edwin E E
942 ## - ADDED ENTRY ELEMENTS (KOHA)
Koha item type Journals
Holdings
Withdrawn status Lost status Damaged status Not for loan Home library Current library Shelving location Date acquired Serial Enumeration / chronology Koha item type
      Journals RRII Library RRII Library Rubber chemistry 17/12/2021 Volume 21, Issue 4 Journals